| 000 | 00000nam##2200000za#4500 |
| 001 | 9.577843 |
| 003 | CaOODSP |
| 005 | 20250319161918 |
| 007 | cr ||||||||||| |
| 008 | 150406|1980||||xxc|||||o f|0| 0 eng|d |
| 022 | |a1488-5387 |
| 040 | |aCaOODSP|beng |
| 043 | |an-cn--- |
| 086 | 1 |aFs97-4/1556E-PDF |
| 110 | 1 |aCanada. |bDepartment of Fisheries and Oceans. |
| 245 | 10|aMorphometry, hydrology, and watershed data pertinent to the limnology of Lake Winnipeg / |h[electronic resource]|cby G.J. Brunskill, S.E.M. Elliott, and P. Campbell. |
| 260 | |aWinnipeg - Manitoba : |bFisheries and Oceans Canada |cApril 1980. |
| 300 | |a39p.|bgraphs, maps, references, tables |
| 490 | 1 |aCanadian manuscript report of fisheries and aquatic sciences|x1488-5387|vNo. 1556 |
| 500 | |a"This is the 22nd manuscript report from the Western Region, Winnipeg"--p.3 of 39. The catalogue number (Fs97-4/1556) and ISSN (0701-7618) for the print edition have been incorrectly copied in this electronic publication. |
| 546 | |a(Résumés en français) |
| 590 | |a13-25-Supp|b2013-10-28 |
| 690 | 07|aHydrology|2gcpds |
| 690 | 07|aWatersheds|2gcpds |
| 690 | 07|aLakes|2gcpds |
| 720 | 1 |aCampbell, P. |
| 720 | 1 |aElliott, S. E. M. |
| 720 | 1 |aBrunskill, G. J. |
| 830 | #0|aCanadian manuscript report of fisheries and aquatic sciences,|x1488-5387|vNo. 1556|w(CaOODSP)9.505211 |
| 856 | 40|ahttp://publications.gc.ca|qPDF|s1.80 MB|uhttps://publications.gc.ca/collections/collection_2013/mpo-dfo/Fs97-4-1556-eng.pdf|yNo. 1556 |